[Event "17th Tilburg Interpolis it"]
[Site "Tilburg NED"]
[Date "1993.??.??"]
[Round "3.1"]
[White "Andersson, Ulf"]
[Black "Rozentalis, Eduardas"]
[Result "1-0"]
[WhiteElo "2625"]
[BlackElo "2600"]
[EventDate "1993.11.13"]
[PlyCount "81"]

1. d4 Nf6 2. Nf3 e6 3. g3 b6 4. Bg2 Bb7 5. O-O Be7 6. c4 O-O 7. Nc3 Ne4 8. Qc2
Nxc3 9. Qxc3 f5 10. b3 Bf6 11. Bb2 d6 12. Rad1 Qe7 13. Ne1 Bxg2 14. Nxg2 Nd7
15. Qf3 Bg5 16. e4 fxe4 17. Qxe4 a5 18. f4 Bf6 19. Qc6 Rac8 20. Rfe1 Qf7 21.
Rd2 Nb8 22. Qf3 Rce8 23. Ne3 Nd7 24. Rde2 Bd8 25. Ng4 Qf5 26. Nf2 Qg6 27. Kg2
Qf5 28. Qg4 Nf6 29. Qh3 Kf7 30. d5 Qxh3+ 31. Nxh3 exd5 32. Ng5+ Kg8 33. Ne6 Rf7
34. Bxf6 Bxf6 35. cxd5 g6 36. Kf3 a4 37. Rc1 axb3 38. axb3 Ra8 39. Nxc7 Ra3 40.
Re3 Re7 41. Ne6 1-0

[Event "17th Tilburg Interpolis it"]
[Site "Tilburg NED"]
[Date "1993.??.??"]
[Round "3.2"]
[White "Rozentalis, Eduardas"]
[Black "Andersson, Ulf"]
[Result "1-0"]
[WhiteElo "2600"]
[BlackElo "2625"]
[EventDate "1993.11.13"]
[PlyCount "123"]

1. e4 c5 2. c3 d5 3. exd5 Qxd5 4. d4 Nf6 5. Nf3 Nc6 6. Be3 cxd4 7. cxd4 e6 8.
Nc3 Qd6 9. a3 Be7 10. Bd3 O-O 11. Qc2 Bd7 12. O-O Rac8 13. Rad1 Rfd8 14. Rfe1
Be8 15. Bc1 h6 16. Qe2 Bf8 17. Bb1 g6 18. Ba2 Bg7 19. h3 Ne7 20. Ne5 Nf5 21.
Bf4 Qa6 22. Qxa6 bxa6 23. d5 exd5 24. Nxd5 g5 25. Bh2 Kf8 26. Nc3 Rxd1 27. Rxd1
Kg8 28. Kf1 Bf8 29. Rd3 Kg7 30. Ng4 Nxg4 31. hxg4 Ne7 32. Ke1 Ng6 33. Kd2 Nf4
34. Bxf4 gxf4 35. Bd5 Be7 36. Rd4 Bf6 37. Re4 Rd8 38. Kc2 Kf8 39. Bc4 Rd4 40.
Bxa6 Bc6 41. Rxd4 Bxd4 42. f3 Ke7 43. Kd3 Be5 44. b4 f6 45. Bc8 Be8 46. Bb7 h5
47. gxh5 Bxh5 48. Nb5 Bb8 49. Kc4 Bf7+ 50. Kc5 Be8 51. Bc8 Kd8 52. Bf5 Ke7 53.
Nd4 Bd6+ 54. Kd5 Be5 55. Nc6+ Bxc6+ 56. Kxc6 Bb2 57. a4 Bc3 58. b5 Ba5 59. Kb7
Bb6 60. Ka6 Kd6 61. a5 Bc5 62. Kb7 1-0

[Event "17th Tilburg Interpolis it"]
[Site "Tilburg NED"]
[Date "1993.??.??"]
[Round "3.3"]
[White "Andersson, Ulf"]
[Black "Rozentalis, Eduardas"]
[Result "1-0"]
[WhiteElo "2625"]
[BlackElo "2600"]
[EventDate "1993.11.13"]
[PlyCount "93"]

1. d4 e6 2. Nf3 Nf6 3. g3 b6 4. Bg2 Bb7 5. O-O Be7 6. c4 O-O 7. Nc3 Ne4 8. Nxe4
Bxe4 9. Ne1 d5 10. Qa4 Qe8 11. Qxe8 Rxe8 12. cxd5 exd5 13. Be3 Nd7 14. Rc1 c5
15. Bxe4 dxe4 16. Ng2 Rac8 17. dxc5 Bxc5 18. Rfd1 Bxe3 19. Nxe3 Nf6 20. Kg2 Kf8
21. g4 h6 22. h4 Rxc1 23. Rxc1 Rd8 24. Kg3 Rd2 25. Rc8+ Ne8 26. Nc4 Rd7 27. Kf4
b5 28. Ne3 Rd2 29. Rc2 Rxc2 30. Nxc2 Nd6 31. Ne3 f6 32. h5 Kf7 33. Nf5 Nb7 34.
Kxe4 Nc5+ 35. Kd4 Ne6+ 36. Kc3 a6 37. Nd4 Nf4 38. Kb4 f5 39. Nxf5 Nxe2 40. Ka5
Nc1 41. Kxa6 b4 42. a3 Nd3 43. Kb5 b3 44. Nd4 Nxf2 45. a4 Ke7 46. a5 Kd7 47. a6
1-0

[Event "17th Tilburg Interpolis it"]
[Site "Tilburg NED"]
[Date "1993.??.??"]
[Round "3.4"]
[White "Rozentalis, Eduardas"]
[Black "Andersson, Ulf"]
[Result "1-0"]
[WhiteElo "2600"]
[BlackElo "2625"]
[EventDate "1993.11.13"]
[PlyCount "85"]

1. e4 c5 2. c3 d5 3. exd5 Qxd5 4. d4 e6 5. Nf3 Nf6 6. Be3 cxd4 7. cxd4 Nc6 8.
Nc3 Qd6 9. a3 Be7 10. Bd3 O-O 11. O-O b6 12. Qe2 Bb7 13. Rad1 Rac8 14. Rfe1
Rfd8 15. Bc1 h6 16. Bb1 Bf8 17. Ne4 Nxe4 18. Qxe4 g6 19. Qh4 Qe7 20. Qh3 Qf6
21. d5 Rxd5 22. Rxd5 exd5 23. Bxh6 Bxh6 24. Qxh6 Rf8 25. h4 Nd4 26. Nxd4 Qxd4
27. h5 Qg7 28. Qxg7+ Kxg7 29. Re7 Bc8 30. hxg6 Be6 31. gxf7 Bxf7 32. Rxa7 Rc8
33. Bd3 Rc1+ 34. Kh2 Kf8 35. g4 Rd1 36. Bf5 d4 37. Rd7 Rd2 38. Kg3 Bc4 39. f3
Rd1 40. Kf4 d3 41. Rd4 Ba6 42. a4 Ke7 43. b4 1-0

[Event "17th Tilburg Interpolis it"]
[Site "Tilburg NED"]
[Date "1993.??.??"]
[Round "3.5"]
[White "Andersson, Ulf"]
[Black "Rozentalis, Eduardas"]
[Result "0-1"]
[WhiteElo "2625"]
[BlackElo "2600"]
[EventDate "1993.11.13"]
[PlyCount "64"]

1. d4 e6 2. e4 d5 3. exd5 exd5 4. Nf3 Bd6 5. Bd3 Nc6 6. c3 Bg4 7. O-O Nge7 8.
Bg5 Qd7 9. Bh4 O-O-O 10. Nbd2 Rde8 11. Bg3 Bxg3 12. hxg3 h5 13. Qc2 f6 14. Rfe1
g5 15. Re3 h4 16. gxh4 gxh4 17. Rae1 Reg8 18. Nh2 Bh3 19. Bf1 Bxg2 20. Bxg2 h3
21. Rg3 hxg2 22. Rxg8+ Rxg8 23. Qh7 Qd6 24. Ndf3 b6 25. Qf7 Kb7 26. Re6 Qf4 27.
Rxe7 Nxe7 28. Qxe7 Qc1+ 29. Ne1 Qxb2 30. Qe6 Qxf2+ 31. Kxf2 g1=Q+ 32. Kf3 Qg3+
0-1

[Event "17th Tilburg Interpolis it"]
[Site "Tilburg NED"]
[Date "1993.??.??"]
[Round "3.6"]
[White "Andersson, Ulf"]
[Black "Rozentalis, Eduardas"]
[Result "1/2-1/2"]
[WhiteElo "2625"]
[BlackElo "2600"]
[EventDate "1993.11.13"]
[PlyCount "111"]

1. d4 e6 2. Nf3 Nf6 3. g3 b6 4. Bg2 Bb7 5. O-O Be7 6. c4 O-O 7. Nc3 Ne4 8. Nxe4
Bxe4 9. Ne1 Bxg2 10. Nxg2 d5 11. Qa4 dxc4 12. Qxc4 c5 13. Be3 cxd4 14. Bxd4 Qc8
15. Rac1 Qxc4 16. Rxc4 Na6 17. Nf4 Rfd8 18. Be3 Kf8 19. Nd3 Ke8 20. Rfc1 Rd5
21. Ra4 Nc5 22. Bxc5 Bxc5 23. Nxc5 Rxc5 24. Rxc5 bxc5 25. b3 Kd7 26. Kf1 Kc6
27. Ke1 a5 28. Kd2 Rd8+ 29. Kc2 Kb5 30. Rg4 g6 31. Rf4 f5 32. Rf3 Rd5 33. Re3
e5 34. h3 e4 35. g4 c4 36. gxf5 gxf5 37. Rg3 cxb3+ 38. axb3 f4 39. Rg4 e3 40.
fxe3 fxe3 41. Kc3 Rd2 42. Rg5+ Kb6 43. Rg2 Kb5 44. h4 Kb6 45. h5 Rd5 46. Rh2 h6
47. Rh3 Kb5 48. Rxe3 Rxh5 49. Re8 Kc5 50. Ra8 Rh3+ 51. Kc2 Kb4 52. Rb8+ Kc5 53.
Kd2 h5 54. Rc8+ Kb4 55. Rb8+ Kc5 56. Rc8+ 1/2-1/2

[Event "17th Tilburg Interpolis it"]
[Site "Tilburg NED"]
[Date "1993.??.??"]
[Round "3.7"]
[White "Rozentalis, Eduardas"]
[Black "Andersson, Ulf"]
[Result "0-1"]
[WhiteElo "2600"]
[BlackElo "2625"]
[EventDate "1993.11.13"]
[PlyCount "60"]

1. e4 c5 2. c3 d5 3. exd5 Qxd5 4. d4 e6 5. Nf3 Nf6 6. Be3 cxd4 7. cxd4 Nc6 8.
Nc3 Qd6 9. a3 Be7 10. Bd3 O-O 11. O-O b6 12. Qe2 Bb7 13. Rad1 Rfd8 14. Bc1 h6
15. Bb1 Bf8 16. Rfe1 Ne7 17. Ne5 Nf5 18. d5 Nxd5 19. Qh5 Qe7 20. Bxf5 Nxc3 21.
bxc3 Rxd1 22. Rxd1 exf5 23. Qxf5 Re8 24. f4 f6 25. Nd3 Qe2 26. Rd2 Bc5+ 27.
Qxc5 bxc5 28. Rxe2 Rxe2 29. Nxc5 Re1+ 30. Kf2 Rxc1 0-1

[Event "17th Tilburg Interpolis it"]
[Site "Tilburg NED"]
[Date "1993.??.??"]
[Round "3.8"]
[White "Rozentalis, Eduardas"]
[Black "Andersson, Ulf"]
[Result "1-0"]
[WhiteElo "2600"]
[BlackElo "2625"]
[EventDate "1993.11.13"]
[PlyCount "85"]

1. e4 c5 2. c3 d5 3. exd5 Qxd5 4. d4 e6 5. Nf3 Nf6 6. Na3 cxd4 7. Nb5 Qd8 8.
Qxd4 a6 9. Qxd8+ Kxd8 10. Nbd4 Bd6 11. Bg5 Bd7 12. O-O-O Kc7 13. Bh4 Nc6 14.
Bd3 Rad8 15. Bc2 h6 16. Rhe1 Nxd4 17. Rxd4 Bc6 18. Bxf6 gxf6 19. Be4 Bf4+ 20.
Kc2 Rxd4 21. Nxd4 Ba4+ 22. b3 Bd7 23. g3 Bd6 24. Rd1 Bc8 25. f4 Rd8 26. f5 Be5
27. b4 b6 28. Rd3 Bxd4 29. cxd4 exf5 30. Bf3 Bd7 31. Kd2 Kd6 32. Rc3 Re8 33.
Re3 Rg8 34. Rc3 Bb5 35. Ke3 Re8+ 36. Kf4 Bd7 37. Ra3 Bc8 38. Re3 Rg8 39. Rc3
Bd7 40. Be2 Re8 41. Re3 Rc8 42. Bxa6 b5 43. Bxc8 1-0

[Event "17th Tilburg Interpolis it"]
[Site "Tilburg NED"]
[Date "1993.??.??"]
[Round "3.1"]
[White "Bareev, Evgeny"]
[Black "Razuvaev, Yuri"]
[Result "1-0"]
[WhiteElo "2660"]
[BlackElo "2560"]
[EventDate "1993.11.13"]
[PlyCount "103"]

1. d4 Nf6 2. c4 e6 3. Nc3 Bb4 4. Qc2 c5 5. dxc5 Qc7 6. Nf3 Bxc5 7. g3 a6 8. Bf4
d6 9. Bg2 Nbd7 10. O-O O-O 11. Rad1 h6 12. a3 Nh5 13. Bc1 Nhf6 14. b4 Ba7 15.
Qd3 Bb8 16. Bf4 e5 17. Be3 b6 18. Nh4 Bb7 19. Bxb7 Qxb7 20. Nf5 Re8 21. Qd2 Re6
22. Nd5 h5 23. Bg5 Nh7 24. Be7 Kh8 25. Nc3 Ndf6 26. Bxf6 Rxf6 27. Ne3 Bc7 28.
Ned5 Re6 29. Ne4 Bd8 30. c5 dxc5 31. bxc5 Qc6 32. cxb6 Bxb6 33. Ng5 Nxg5 34.
Qxg5 Bc5 35. Qxh5+ Kg8 36. Rd3 Bd4 37. e4 Rb8 38. Rf3 Rb7 39. Qg5 Kh7 40. Rc1
Qd7 41. Rf5 Rh6 42. Kg2 a5 43. h4 a4 44. Rc4 Qe8 45. Qg4 Qd7 46. Qd1 Ra7 47.
Qc2 Rd6 48. Rc8 Rh6 49. Rf8 Rb7 50. Qd2 f6 51. Qa5 Ra7 52. Qb4 1-0

[Event "17th Tilburg Interpolis it"]
[Site "Tilburg NED"]
[Date "1993.??.??"]
[Round "3.1"]
[White "Beliavsky, Alexander"]
[Black "Timman, Jan"]
[Result "1/2-1/2"]
[WhiteElo "2635"]
[BlackElo "2620"]
[EventDate "1993.11.13"]
[PlyCount "48"]

1. d4 Nf6 2. c4 e6 3. Nf3 Bb4+ 4. Bd2 c5 5. Bxb4 cxb4 6. a3 bxa3 7. Nxa3 O-O 8.
e3 b6 9. Be2 Bb7 10. O-O Nc6 11. Ne5 d5 12. Nxc6 Bxc6 13. Bf3 Qe7 14. Rc1 Rfc8
15. c5 bxc5 16. Rxc5 Nd7 17. Rc3 Nb6 18. Be2 Qb7 19. b3 Bd7 20. Qd2 Rxc3 21.
Qxc3 Rc8 22. Qa5 Qc7 23. Nb5 Bxb5 24. Bxb5 Nd7 1/2-1/2

[Event "17th Tilburg Interpolis it"]
[Site "Tilburg NED"]
[Date "1993.??.??"]
[Round "3.2"]
[White "Timman, Jan"]
[Black "Beliavsky, Alexander"]
[Result "0-1"]
[WhiteElo "2620"]
[BlackElo "2635"]
[EventDate "1993.11.13"]
[PlyCount "51"]

1. e4 c5 2. Nf3 d6 3. d4 cxd4 4. Nxd4 Nf6 5. Nc3 a6 6. Be3 e6 7. g4 h6 8. f3 b5
9. Qd2 Bb7 10. O-O-O Nbd7 11. h4 b4 12. Nce2 d5 13. exd5 Nxd5 14. Bf2 Be7 15.
Ng3 Nc5 16. Bc4 Qc7 17. Nh5 O-O-O 18. Bg3 Bd6 19. Bxd6 Rxd6 20. Nxg7 Rhd8 21.
Bb3 R6d7 22. Qxh6 Nf4 23. h5 Rxd4 24. Rxd4 Ne2+ 25. Kb1 Nxd4 26. Rc1 0-1

[Event "17th Tilburg Interpolis it"]
[Site "Tilburg NED"]
[Date "1993.??.??"]
[Round "3.1"]
[White "Epishin, Vladimir"]
[Black "Sabalovs, Aleksandrs"]
[Result "1-0"]
[WhiteElo "2655"]
[BlackElo "2590"]
[EventDate "1993.11.13"]
[PlyCount "88"]

1. d4 d5 2. c4 c6 3. Nc3 e5 4. dxe5 d4 5. Ne4 Qa5+ 6. Nd2 Bg4 7. h3 Bh5 8. g4
Bg6 9. Ngf3 h5 10. Bg2 hxg4 11. Nxd4 Nd7 12. e6 Ne5 13. exf7+ Bxf7 14. N4b3 Qc7
15. Ne4 Nxc4 16. Bg5 Bd5 17. Qd4 Bb4+ 18. Kf1 Ne7 19. hxg4 Rxh1+ 20. Bxh1 O-O-O
21. Bf3 Qh2 22. Rd1 Ne5 23. Bg2 Nf7 24. Qxb4 Nxg5 25. Qxe7 Nh3 26. Ke1 Qxg2 27.
Nd6+ Rxd6 28. Qxd6 Qxf2+ 29. Kd2 Ng5 30. Kc1 Ne4 31. Qe7 Qe3+ 32. Nd2 g5 33.
Qf8+ Kc7 34. Qe7+ Kb6 35. Qb4+ Kc7 36. Qe7+ Kb6 37. Qa3 Qxe2 38. Qb4+ Kc7 39.
Nxe4 Qxe4 40. Qxe4 Bxe4 41. Rf1 Kd6 42. Rf7 b5 43. Rxa7 Ke5 44. Rf7 Kd4 1-0

[Event "17th Tilburg Interpolis it"]
[Site "Tilburg NED"]
[Date "1993.??.??"]
[Round "3.2"]
[White "Sabalovs, Aleksandrs"]
[Black "Epishin, Vladimir"]
[Result "0-1"]
[WhiteElo "2590"]
[BlackElo "2655"]
[EventDate "1993.11.13"]
[PlyCount "56"]

1. e4 c6 2. d4 d5 3. e5 Bf5 4. Nc3 e6 5. g4 Bg6 6. Nge2 Ne7 7. Bg2 h5 8. h3
hxg4 9. hxg4 Rxh1+ 10. Bxh1 c5 11. Bg5 Nbc6 12. dxc5 Nxe5 13. Nd4 Qa5 14. Qe2
N5c6 15. Ndb5 O-O-O 16. Kf1 a6 17. Nd6+ Kb8 18. Bf4 Ka8 19. a4 Nc8 20. b4 Nxb4
21. Ncb5 Nxd6 22. Nxd6 Qxc5 23. Nb5 Qxc2 24. Nc7+ Ka7 25. Nb5+ axb5 26. axb5+
Kb6 27. Qe5 Qxf2+ 28. Kxf2 Nd3+ 0-1

[Event "17th Tilburg Interpolis it"]
[Site "Tilburg NED"]
[Date "1993.??.??"]
[Round "3.2"]
[White "Lutz, Christopher"]
[Black "Jussupow, Artur"]
[Result "0-1"]
[WhiteElo "2605"]
[BlackElo "2630"]
[EventDate "1993.11.13"]
[PlyCount "78"]

1. c4 e6 2. Nc3 d5 3. d4 Nf6 4. cxd5 exd5 5. Bg5 Be7 6. e3 O-O 7. Bd3 Nbd7 8.
Nge2 Re8 9. O-O c6 10. Qc2 Nf8 11. f3 Be6 12. Rae1 Rc8 13. Kh1 N6d7 14. Bxe7
Qxe7 15. Qd2 Nb6 16. b3 Rcd8 17. a4 Qb4 18. Ne4 Qxd2 19. Nxd2 Bd7 20. Ng3 a5
21. Re2 Ne6 22. Rc1 Nc8 23. f4 Nd6 24. Nf3 f6 25. Kg1 Re7 26. h4 Rde8 27. Kf2
Nd8 28. Ree1 N8f7 29. Nh2 Nh6 30. Ngf1 Bf5 31. Be2 Ne4+ 32. Kg1 g5 33. g4 gxf4
34. gxf5 Rg7+ 35. Bg4 Nxg4 36. Nxg4 Rxg4+ 37. Kh2 f3 38. Rc2 Rxh4+ 39. Kg1 Kf7
0-1

[Event "17th Tilburg Interpolis it"]
[Site "Tilburg NED"]
[Date "1993.??.??"]
[Round "3.1"]
[White "Kaidanov, Gregory"]
[Black "Piket, Jeroen"]
[Result "1-0"]
[WhiteElo "2640"]
[BlackElo "2590"]
[EventDate "1993.11.13"]
[PlyCount "79"]

1. d4 Nf6 2. c4 g6 3. Nc3 Bg7 4. e4 d6 5. Be2 O-O 6. Bg5 Nbd7 7. Qd2 c6 8. Rd1
e5 9. Nf3 exd4 10. Nxd4 Re8 11. f3 a5 12. O-O a4 13. Rfe1 Qa5 14. Bf1 Nh5 15.
Be3 Ne5 16. Nc2 Be6 17. Na3 f5 18. exf5 Bxf5 19. Qf2 Qb4 20. Kh1 Nf6 21. Bd4
Nfd7 22. Nc2 Qxb2 23. Ne4 Qxa2 24. Ra1 Qb3 25. Ra3 Bxe4 26. Rxb3 axb3 27. Rxe4
Ra2 28. Qe1 bxc2 29. f4 Rea8 30. h3 Nf7 31. Re8+ Rxe8 32. Qxe8+ Nf8 33. Bxg7
Kxg7 34. Qe3 Kg8 35. Qc3 Ne6 36. Bd3 Nxf4 37. Bxc2 Ne5 38. c5 Nd5 39. Bb3 Ra3
40. Bxd5+ 1-0

[Event "17th Tilburg Interpolis it"]
[Site "Tilburg NED"]
[Date "1993.??.??"]
[Round "3.2"]
[White "Piket, Jeroen"]
[Black "Kaidanov, Gregory"]
[Result "1/2-1/2"]
[WhiteElo "2590"]
[BlackElo "2640"]
[EventDate "1993.11.13"]
[PlyCount "74"]

1. d4 d5 2. c4 c6 3. Nc3 Nf6 4. Nf3 e6 5. Bg5 dxc4 6. e4 b5 7. e5 h6 8. Bh4 g5
9. Nxg5 hxg5 10. Bxg5 Nbd7 11. exf6 Bb7 12. g3 c5 13. d5 Bh6 14. Bxh6 Rxh6 15.
Qd2 Qxf6 16. O-O-O Kf8 17. g4 Rg6 18. Rg1 Ne5 19. g5 Qf5 20. Qe3 exd5 21. Bh3
Qf3 22. Qxc5+ Kg8 23. Nxd5 Bxd5 24. Qxd5 Qxd5 25. Rxd5 Nd3+ 26. Kb1 Nf4 27. Rf5
Nxh3 28. Rg3 Nxf2 29. Rxf2 Rd8 30. Kc2 Rd3 31. Rg4 Rh3 32. Rd4 Rxg5 33. Rd8+
Kg7 34. Rd7 Kg6 35. Rdxf7 Rxh2 36. R7f6+ Kg7 37. Rf7+ Kg6 1/2-1/2

[Event "17th Tilburg Interpolis it"]
[Site "Tilburg NED"]
[Date "1993.??.??"]
[Round "3.1"]
[White "Karpov, Anatoly"]
[Black "Vyzhmanavin, Alexei"]
[Result "1/2-1/2"]
[WhiteElo "2760"]
[BlackElo "2605"]
[EventDate "1993.11.13"]
[PlyCount "84"]

1. c4 e5 2. Nc3 Nf6 3. Nf3 Nc6 4. g3 Nd4 5. Bg2 Nxf3+ 6. Bxf3 Bb4 7. Qc2 O-O 8.
O-O Re8 9. d3 h6 10. Bd2 c6 11. Rac1 d6 12. Bg2 Be6 13. h3 Ba5 14. a3 d5 15. b4
Bb6 16. Na4 Qd7 17. Kh2 Rac8 18. Rcd1 Bf5 19. e4 Bg6 20. Nxb6 axb6 21. Bc1 b5
22. c5 Rcd8 23. Bb2 Qc7 24. Rfe1 Nh7 25. Qe2 dxe4 26. dxe4 f6 27. h4 Nf8 28.
Rxd8 Rxd8 29. Rd1 Ne6 30. Rd3 Bf7 31. Qd1 Rxd3 32. Qxd3 b6 33. cxb6 Qxb6 34.
Qd2 Nd4 35. Bc3 c5 36. bxc5 Qxc5 37. Bb4 Qc6 38. Qc3 Bc4 39. Qe3 Nc2 40. Qd2
Nxb4 41. axb4 Qc7 42. Bh3 Kf7 1/2-1/2

[Event "17th Tilburg Interpolis it"]
[Site "Tilburg NED"]
[Date "1993.??.??"]
[Round "3.2"]
[White "Vyzhmanavin, Alexei"]
[Black "Karpov, Anatoly"]
[Result "1/2-1/2"]
[WhiteElo "2605"]
[BlackElo "2760"]
[EventDate "1993.11.13"]
[PlyCount "35"]

1. d4 Nf6 2. c4 e6 3. Nf3 b6 4. g3 Ba6 5. b3 Bb4+ 6. Bd2 Be7 7. Bg2 c6 8. Bc3
d5 9. Ne5 Nfd7 10. Nxd7 Nxd7 11. Nd2 O-O 12. O-O Rc8 13. Re1 c5 14. cxd5 exd5
15. e4 cxd4 16. Bxd4 dxe4 17. Nxe4 Nf6 18. h4 1/2-1/2

[Event "17th Tilburg Interpolis it"]
[Site "Tilburg NED"]
[Date "1993.??.??"]
[Round "3.3"]
[White "Karpov, Anatoly"]
[Black "Vyzhmanavin, Alexei"]
[Result "1-0"]
[WhiteElo "2760"]
[BlackElo "2605"]
[EventDate "1993.11.13"]
[PlyCount "85"]

1. d4 Nf6 2. c4 e6 3. Nf3 b6 4. g3 Ba6 5. b3 Bb4+ 6. Bd2 Be7 7. Bg2 c6 8. Bc3
d5 9. Ne5 Ne4 10. O-O Nxc3 11. Nxc3 O-O 12. e4 dxc4 13. Nxc4 b5 14. Ne3 Nd7 15.
Qc2 Rc8 16. Rfd1 Qb6 17. a3 c5 18. d5 Ne5 19. a4 b4 20. Nb5 Bb7 21. Nc4 Nxc4
22. bxc4 exd5 23. exd5 Bf6 24. a5 Qd8 25. a6 Ba8 26. Ra2 Qd7 27. h4 g6 28. Qd3
Rfe8 29. Kh2 Be5 30. Re2 Bg7 31. Rde1 Rxe2 32. Rxe2 Rb8 33. Qe3 Bf8 34. Qe5
Rxb5 35. cxb5 Qxb5 36. Qe8 Qxa6 37. Re7 Qf6 38. Rxa7 Bxd5 39. Bxd5 Qxf2+ 40.
Bg2 c4 41. Ra8 Qc5 42. Rc8 Qd6 43. Bd5 1-0

[Event "17th Tilburg Interpolis it"]
[Site "Tilburg NED"]
[Date "1993.??.??"]
[Round "3.4"]
[White "Vyzhmanavin, Alexei"]
[Black "Karpov, Anatoly"]
[Result "0-1"]
[WhiteElo "2605"]
[BlackElo "2760"]
[EventDate "1993.11.13"]
[PlyCount "82"]

1. d4 Nf6 2. c4 e6 3. Nf3 b6 4. Nc3 Bb7 5. e3 d5 6. cxd5 exd5 7. Bb5+ c6 8. Bd3
Be7 9. O-O O-O 10. b3 Nbd7 11. Bb2 Bd6 12. Qc2 Rc8 13. Ne2 Re8 14. Ng3 c5 15.
dxc5 bxc5 16. Bf5 Rc7 17. Rad1 Bf8 18. Ng5 g6 19. Bxd7 Nxd7 20. h4 Ne5 21. Bxe5
Rxe5 22. e4 d4 23. f4 Re8 24. e5 Bd5 25. N3e4 Rc6 26. Qd3 Qc8 27. Qf3 Rd8 28.
Rfe1 Be7 29. Qf2 Qg4 30. Rd3 h6 31. Rg3 Qf5 32. Nd6 Bxd6 33. exd6 Rcxd6 34. h5
Rf6 35. Nh3 Qxh5 36. Re5 Qxe5 37. fxe5 Rxf2 38. Nxf2 c4 39. bxc4 Bxc4 40. Ra3
d3 41. Ra4 Be6 0-1

[Event "17th Tilburg Interpolis it"]
[Site "Tilburg NED"]
[Date "1993.??.??"]
[Round "3.1"]
[White "Vaganian, Rafael"]
[Black "Yermolinsky, Alex"]
[Result "1/2-1/2"]
[WhiteElo "2615"]
[BlackElo "2605"]
[EventDate "1993.11.13"]
[PlyCount "107"]

1. Nf3 Nf6 2. c4 e6 3. g3 b6 4. Bg2 Bb7 5. O-O c5 6. Nc3 Be7 7. Re1 Ne4 8. Nxe4
Bxe4 9. d3 Bb7 10. e4 Nc6 11. d4 Nxd4 12. Nxd4 cxd4 13. Qxd4 O-O 14. b3 Bc5 15.
Qc3 Qe7 16. a3 a5 17. Bb2 f6 18. Re2 Bc6 19. a4 Qf7 20. Ba3 Qh5 21. Rd2 Rf7 22.
Bxc5 Qxc5 23. Rad1 Raf8 24. Qd4 Qxd4 25. Rxd4 Rb8 26. Rd6 Rb7 27. f4 Kf8 28. e5
Bxg2 29. Kxg2 fxe5 30. fxe5 Ke7 31. Rf1 Rxf1 32. Kxf1 Rb8 33. Ke2 Kd8 34. Rd4
Ke7 35. Ke3 Rc8 36. Rg4 Kf7 37. Kd4 h6 38. Kc3 Rc6 39. b4 axb4+ 40. Kxb4 Rc5
41. Rd4 Ke7 42. Rd6 Rxe5 43. Rxb6 Re2 44. h4 e5 45. Kc5 Ra2 46. Rg6 Kf7 47. Ra6
Rd2 48. h5 e4 49. Rg6 d6+ 50. Kc6 Rd4 51. Rg4 Rxc4+ 52. Kxd6 Rxa4 53. Rf4+ Kg8
54. g4 1/2-1/2

[Event "17th Tilburg Interpolis it"]
[Site "Tilburg NED"]
[Date "1993.??.??"]
[Round "3.2"]
[White "Yermolinsky, Alex"]
[Black "Vaganian, Rafael"]
[Result "0-1"]
[WhiteElo "2605"]
[BlackElo "2615"]
[EventDate "1993.11.13"]
[PlyCount "80"]

1. e4 e6 2. d4 d5 3. Nc3 Bb4 4. e5 c5 5. a3 Ba5 6. b4 cxd4 7. Qg4 Ne7 8. Nb5
Bc7 9. Qxg7 Rg8 10. Qxh7 a6 11. Nxc7+ Qxc7 12. Ne2 Bd7 13. Bb2 a5 14. Nxd4
Qxe5+ 15. Be2 Nbc6 16. Rd1 axb4 17. axb4 Ra2 18. Nxc6 Qxb2 19. Nxe7 Rh8 20. Qd3
Kxe7 21. h4 Rc8 22. Rd2 Qxb4 23. O-O Ra3 24. Qd4 Qxd4 25. Rxd4 Rxc2 26. Bf3 b5
27. h5 Rc4 28. Rd2 f5 29. Rb2 Rac3 30. Be2 Rc2 31. Rfb1 Rxb2 32. Rxb2 Rc8 33.
f4 Rb8 34. Kf2 b4 35. Ke3 b3 36. g3 Rb4 37. Bd3 Bb5 38. Bb1 d4+ 39. Kd2 Kf6 40.
Kc1 Rc4+ 0-1

[Event "17th Tilburg Interpolis it"]
[Site "Tilburg NED"]
[Date "1993.??.??"]
[Round "4.1"]
[White "Epishin, Vladimir"]
[Black "Ivanchuk, Vasyl"]
[Result "1/2-1/2"]
[WhiteElo "2655"]
[BlackElo "2705"]
[EventDate "1993.11.13"]
[PlyCount "125"]

1. d4 e6 2. c4 Bb4+ 3. Bd2 Qe7 4. Nf3 Nf6 5. g3 Nc6 6. Nc3 Bxc3 7. Bxc3 Ne4 8.
Rc1 d6 9. d5 Nxc3 10. Rxc3 Nd8 11. Bg2 O-O 12. dxe6 Nxe6 13. O-O Bd7 14. e4 Bc6
15. Re3 Rfe8 16. Rfe1 a5 17. Nd2 Qf6 18. Qc1 a4 19. h4 h6 20. Nb1 Qd4 21. Rd1
Qc5 22. Qc3 f5 23. exf5 Qxf5 24. Rde1 Bxg2 25. Kxg2 Qf7 26. Na3 Nc5 27. Nb5
Rxe3 28. Rxe3 Qd7 29. Qd4 Rf8 30. Nc3 c6 31. Qd1 Qf5 32. Qe2 Kh7 33. h5 Rf7 34.
f4 g5 35. hxg6+ Qxg6 36. Re7 Rxe7 37. Qxe7+ Kg8 38. Qe2 Kf7 39. Kh3 Qf5+ 40.
Kh4 a3 41. Nd1 axb2 42. Qxb2 h5 43. Ne3 Qe4 44. Qe2 Qh1+ 45. Kg5 Ne4+ 46. Kh6
Qh3 47. Qxh5+ Qxh5+ 48. Kxh5 Nxg3+ 49. Kg4 Ne4 50. f5 Kf6 51. Kf4 Nf2 52. Ng4+
Nxg4 53. Kxg4 d5 54. cxd5 cxd5 55. Kf4 d4 56. Ke4 d3 57. Kxd3 Kxf5 58. Kc4 Ke6
59. Kb5 Kd7 60. Kb6 Kc8 61. Ka7 Kc7 62. a4 Kc8 63. Kb6 1/2-1/2

[Event "17th Tilburg Interpolis it"]
[Site "Tilburg NED"]
[Date "1993.??.??"]
[Round "4.3"]
[White "Georgiev, Kiril"]
[Black "Morozevich, Alexander"]
[Result "1-0"]
[WhiteElo "2660"]
[BlackElo "2545"]
[EventDate "1993.11.13"]
[PlyCount "135"]

1. Nf3 Nc6 2. d4 d5 3. c4 Bg4 4. Qa4 Bxf3 5. gxf3 e6 6. e3 Bb4+ 7. Nc3 Nge7 8.
Bd2 O-O 9. Qc2 Ng6 10. f4 Nh4 11. O-O-O Ne7 12. Kb1 c6 13. Bd3 Kh8 14. Qb3 a5
15. cxd5 exd5 16. Bc1 Bxc3 17. Qxc3 Nc8 18. Qc2 Nd6 19. Qe2 Qd7 20. f3 f5 21.
Rhg1 b6 22. Rg3 Qe6 23. Rdg1 Rf7 24. Bd2 Ng6 25. Rc1 Rc7 26. Rgg1 c5 27. dxc5
bxc5 28. Ka1 a4 29. a3 c4 30. Qe1 Nb5 31. Bb1 d4 32. exd4 Qd5 33. Bc3 Re7 34.
Qd2 Nh4 35. Rgf1 h6 36. Qf2 Ng6 37. Qd2 Rb8 38. Qc2 Nxc3 39. Qxc3 Qb7 40. Bxf5
Nxf4 41. Be4 Qb6 42. Rf2 Rc7 43. Rd2 Qa6 44. d5 Qd6 45. Qd4 Rbc8 46. Rc3 Kg8
47. Ka2 Rc5 48. Qe3 Kf8 49. Rd4 Qe5 50. Rd2 Qd6 51. Qd4 R8c7 52. Rdc2 Ne6 53.
Qg1 Ng5 54. Qg3 Qf6 55. d6 Rd7 56. Rxc4 Qe6 57. Qf4+ Rf7 58. d7 Rxf4 59. d8=Q+
Kf7 60. Bd5 Rxd5 61. Rxf4+ Kg6 62. Qc8 Rd7+ 63. Qc4 Qe5 64. Qxa4 Kh7 65. Qxd7
Qxf4 66. Qd3+ Kg8 67. Rc8+ Kf7 68. Qc4+ 1-0